LIBRARY & INFORMATION CENTRE, KCAET, TAVANUR

ONLINE PUBLIC ACCESS CATALOGUE (OPAC)

Elements of heat engines vol-1 / (Record no. 8819)

MARC details
000 -LEADER
fixed length control field 00426cam a2200169ua 4500
041 ## - LANGUAGE CODE
Language code of text/sound track or separate title eng
082 ## - DEWEY DECIMAL CLASSIFICATION NUMBER
Classification number 621.4025
Item number PAT/EL
100 ## - MAIN ENTRY--AUTHOR NAME
Personal name Patel, R C .
245 ## - TITLE STATEMENT
Title Elements of heat engines vol-1 /
250 ## - EDITION STATEMENT
Edition statement 4 /
260 ## - PUBLICATION, DISTRIBUTION, ETC. (IMPRINT)
Place of publication Baroda :
Name of publisher Acharya book depot ,
Year of publication 1968.
300 ## - PHYSICAL DESCRIPTION
Number of Pages 427 ; .
700 1# - ADDED ENTRY--PERSONAL NAME
Personal name Karamchandani, C J .
942 ## - ADDED ENTRY ELEMENTS (KOHA)
Koha item type Books
Holdings
Withdrawn status Lost status Damaged status Home library Current library Date acquired Full call number Accession Number Koha item type
      KAUAET KAUAET 07/04/2012 621.4025 12868 Books
free website counter